Normal view MARC view
  • Walgenbach, Paul H , Hanson, Ernest I

Entry Personal Name

Number of records used in: 1

001 - CONTROL NUMBER

  • control field: 64013

003 - CONTROL NUMBER IDENTIFIER

  • control field: NUST

005 - DATE AND TIME OF LATEST TRANSACTION

  • control field: 20210628203218.0

008 - FIXED-LENGTH DATA ELEMENTS

  • fixed length control field: 210628|| aca||aabn | a|a d

040 ## - CATALOGING SOURCE

  • Original cataloging agency: NUST
  • Transcribing agency: NUST

100 ## - HEADING--PERSONAL NAME

  • Personal name: Walgenbach, Paul H , Hanson, Ernest I

670 ## - SOURCE DATA FOUND

  • Source citation: Work cat.: (NUST): Walgenbach, Paul H , Hanson, Ernest I, Financial accounting , an introduction, 1990
© 2023 Central Library, National University of Sciences and Technology. All Rights Reserved.